Neighbourhood ethnic composition and social participation of young people in England (Record no. 512880)

000 -LEADER
fixed length control field 00575nam a2200169 4500
008 - FIXED-LENGTH DATA ELEMENTS--GENERAL INFORMATION
fixed length control field 191226b ||||| |||| 00| 0 eng d
100 ## - MAIN ENTRY--PERSONAL NAME
Personal name Fumagalli, Elena
245 ## - TITLE STATEMENT
Title Neighbourhood ethnic composition and social participation of young people in England
260 ## - PUBLICATION, DISTRIBUTION, ETC. (IMPRINT)
Name of publisher, distributor, etc Economic Journal
300 ## - PHYSICAL DESCRIPTION
Extent 129(622), Aug, 2019: p.2459-2521.
650 ## - SUBJECT ADDED ENTRY--TOPICAL TERM
Topical term or geographic name as entry element Neighbourhood - United Kingdom
9 (RLIN) 14887
650 ## - SUBJECT ADDED ENTRY--TOPICAL TERM
Topical term or geographic name as entry element Ethnic group
9 (RLIN) 14888
700 ## - ADDED ENTRY--PERSONAL NAME
Personal name Fumagalli, Laura
9 (RLIN) 14889
773 ## - HOST ITEM ENTRY
Main entry heading Economic Journal
906 ## - LOCAL DATA ELEMENT F, LDF (RLIN)
Subject DIP Social participation - United Kingdom
942 ## - ADDED ENTRY ELEMENTS (KOHA)
Source of classification or shelving scheme
Item type Articles
Holdings
Withdrawn status Lost status Source of classification or shelving scheme Damaged status Not for loan Permanent location Current location Date acquired Serial Enumeration / chronology Barcode Date last seen Koha item type
          Indian Institute of Public Administration Indian Institute of Public Administration 2019-12-26 129(622), Aug, 2019: p.2459-2521. AR122209 2019-12-26 Articles

Powered by Koha